This borrowed earth : (Record no. 24698)
[ view plain ]
| 000 -LEADER | |
|---|---|
| fixed length control field | 00750nam a2200217 a 4500 |
| 003 - CONTROL NUMBER IDENTIFIER | |
| control field | PILC |
| 005 - DATE AND TIME OF LATEST TRANSACTION | |
| control field | 20160303144132.0 |
| 008 - FIXED-LENGTH DATA ELEMENTS--GENERAL INFORMATION | |
| fixed length control field | 110928s19uu xx 00 eng d |
| 020 ## - INTERNATIONAL STANDARD BOOK NUMBER | |
| International Standard Book Number | 9780230619838 |
| 050 ## - LIBRARY OF CONGRESS CALL NUMBER | |
| Classification number | GE 146 |
| Item number | .H37 2010 |
| 100 ## - MAIN ENTRY--PERSONAL NAME | |
| Personal name | Hernan, Robert Emmet. |
| 245 ## - TITLE STATEMENT | |
| Title | This borrowed earth : |
| Remainder of title | lessons from the 15 worst environmental disasters around the world / |
| Statement of responsibility, etc | Robert Emmet Hernan. |
| 260 ## - PUBLICATION, DISTRIBUTION, ETC. (IMPRINT) | |
| Place of publication, distribution, etc | New York : |
| Name of publisher, distributor, etc | Palgrave Macmillan, |
| Date of publication, distribution, etc | 2010. |
| 300 ## - PHYSICAL DESCRIPTION | |
| Extent | 235 pages : |
| Other physical details | illustrations ; |
| Dimensions | 23 cm. |
| 500 ## - GENERAL NOTE | |
| General note | Includes bibliographical references and index. |
| 650 ## - SUBJECT ADDED ENTRY--TOPICAL TERM | |
| Topical term or geographic name as entry element | Environmental disaster - |
| General subdivision | Case studies. |
| 700 ## - ADDED ENTRY--PERSONAL NAME | |
| Personal name | foreword by Bill Mckibben. |
| 700 ## - ADDED ENTRY--PERSONAL NAME | |
| Personal name | preface by Graham Nash. |
| 942 ## - ADDED ENTRY ELEMENTS (KOHA) | |
| Koha item type | Books |
| Source of classification or shelving scheme | Library of Congress Classification |
| Call number prefix | Foreign |
| Withdrawn status | Lost status | Source of classification or shelving scheme | Damaged status | Home library | Current library | Shelving location | Date acquired | Source of acquisition | Total Checkouts | Full call number | Barcode | Date last seen | Copy number | Price effective from | Koha item type |
|---|---|---|---|---|---|---|---|---|---|---|---|---|---|---|---|
| Library of Congress Classification | College Library | College Library | General Circulation Section | 09/28/2011 | Library Fund | GE 146 .H37 2010 | C13096 | 05/15/2018 | 1 | 10/18/2013 | Books |